Kongliga Svenska Fregatten Eugenies resa omkring jorden : under befäl af C.A. Virgin, åren 1851-1853 : vetenskapliga iakttagelser ... tgifna af K. Svenska Vetenskapsakademien.

Bibliographic Details
Corporate Author: Kungl. Svenska vetenskapsakademien
Other Authors: Virgin, C. A. (Christian Adolf), 1797-1870
Format: Book
Language:Swedish
Latin
Published: Uppsala : Almqvist & Wiksells, 1857-1910.
Subjects:

MARC

Tag First Indicator Second Indicator Subfields
LEADER 00000cam a2200000 a 4500
001 in00000012937
005 20151007052304.0
008 810320m18571910sw a 00100 swe d
035 |a (OCoLC)07245784 
035 |9 AAA7135AM 
040 |a CUS  |c CUS  |d TXA  |d UtOrBLW 
041 0 |a swe  |a lat 
049 |a TXAM  |d [  |v = v.  |p = pt.]  |v 1 [A12584287]  |v 2  |p 1 [A12584732]  |v 2  |p 2 [A12584237]  |v 2  |p 3 [A12584180]  |v 3 [A12584693] 
050 4 |a Q115  |b .K6 1857 
245 0 0 |a Kongliga Svenska Fregatten Eugenies resa omkring jorden :  |b under befäl af C.A. Virgin, åren 1851-1853 : vetenskapliga iakttagelser ... tgifna af K. Svenska Vetenskapsakademien. 
264 1 |a Uppsala :  |b Almqvist & Wiksells,  |c 1857-1910. 
300 |a 3 volumes in 5 :  |b illustrations ;  |c 32 cm. 
336 |a text  |b txt  |2 rdacontent 
337 |a unmediated  |b n  |2 rdamedia 
338 |a volume  |b nc  |2 rdacarrier 
500 |a Title on cover: Eugenies resa. 
500 |a Volume2, pt. 1 published by Norstedt, Stockholm. 
500 |a Includes indexes. 
505 0 |a V. 1. Botanik. -- v. 2. Zoologi: Insecta. Arachnider. Annulater. -- v. 3. Fysik. 
610 2 0 |a Eugenie (Frigate) 
650 0 |a Scientific expeditions. 
710 2 |a Kungl. Svenska vetenskapsakademien. 
700 1 |a Virgin, C. A.  |q (Christian Adolf),  |d 1797-1870. 
740 0 |a Eugenies resa. 
999 |a MARS 
999 f f |s 856c532d-6e7f-3c53-9db8-9097bf7d2cee  |i 542577a3-8e23-37e4-b64d-2763bf112e53  |t 0 
952 f f |p ric  |a Texas A&M University  |b Rellis Campus  |c Joint Library Facility  |s JLF  |d Remote Storage  |t 0  |e Q115 .K6 1857  |h Library of Congress classification  |i unmediated -- volume  |k v.3  |m A14812584693 
952 f f |p ric  |a Texas A&M University  |b Rellis Campus  |c Joint Library Facility  |s JLF  |d Remote Storage  |t 0  |e Q115 .K6 1857  |h Library of Congress classification  |i unmediated -- volume  |k v.2:pt.1  |m A14812584732 
952 f f |p ric  |a Texas A&M University  |b Rellis Campus  |c Joint Library Facility  |s JLF  |d Remote Storage  |t 0  |e Q115 .K6 1857  |h Library of Congress classification  |i unmediated -- volume  |k v.2:pt.3  |m A14812584180 
952 f f |p ric  |a Texas A&M University  |b Rellis Campus  |c Joint Library Facility  |s JLF  |d Remote Storage  |t 0  |e Q115 .K6 1857  |h Library of Congress classification  |i unmediated -- volume  |k v.1  |m A14812584287 
952 f f |p ric  |a Texas A&M University  |b Rellis Campus  |c Joint Library Facility  |s JLF  |d Remote Storage  |t 0  |e Q115 .K6 1857  |h Library of Congress classification  |i unmediated -- volume  |k v.2:pt.2  |m A14812584237 
998 f f |a Q115 .K6 1857  |s v.1-v.3  |t 0  |l Remote Storage 
998 f f |a Q115 .K6 1857  |s v.1-v.3  |t 0  |l Remote Storage